| 000 | 01997cam a2200337Mi 4500 | ||
|---|---|---|---|
| 999 |
_c4938 _d4938 |
||
| 001 | on1073064698 | ||
| 003 | OCoLC | ||
| 005 | 20190219115551.0 | ||
| 006 | m o d l | ||
| 007 | cr cn||||||||| | ||
| 008 | 181022s2018 sa ob 000 0 eng d | ||
| 035 | _a(OCoLC)1073064698 | ||
| 040 |
_aU3W _beng _erda _cTZ-ArACH _dOCLCO |
||
| 049 | _aTZAA | ||
| 050 |
_aBJ1201 _b.N49 |
||
| 100 | 1 |
_aNgwena, C. G., _eauthor. |
|
| 245 | 1 | 0 |
_aWhat is Africanness? : _bContesting nativism in race, culture and sexualities / _cCharles Ngwena. |
| 260 |
_aPretoria : _bPretoria University Law Press ( PULP), _c2018. |
||
| 300 |
_ax, 306 pages _c25 cm |
||
| 504 | _aIncludes bibliographical references and index. | ||
| 505 | 0 | _aPART 1: Background to the hermeneutics of heterogenous Africanness. 1. Introducing the {u2018}manyness{u2019} of Africanness -- 2. Hermeneutics of Africanness: building on Stuart Hall{u2019}s cultural theory of identifications. PART 2: Africanness, race and culture. 3. What{u2019}s in a name? The naming of Africa and Africans, and the construction of radical cultural alterity -- 4. Africa as land of racial otherness -- 5. Decentring the race of Africanness. PART 3: Heterogeneous sexualities. 6. Representing African sexualities: contesting nativism from without -- 7. {u2018}Transgressive{u2019} sexualities: contesting nativism from within and overcoming status subordination -- 8. Mediating conflicting sexuality identifications through politics and an ethics of pluralism. EPILOGUE: Theorising Africanness. | |
| 650 | 0 |
_aAfricans _xEthnic identity. |
|
| 650 | 0 |
_aGroup identity _zAfrica. |
|
| 650 | 0 |
_aAfricans _xRace identity. |
|
| 650 | 0 |
_aBible _xHermeneutics. |
|
| 650 | 0 | _aCultural Theory. | |
| 650 | 0 |
_aSex _zAfrica. |
|
| 776 | 0 | 8 |
_iPrint version: _z9781920538828 |
| 856 | 4 | 0 |
_uhttp://www.pulp.up.ac.za/monographs/what-is-africanness-contesting-nativism-in-race-culture-and-sexualities _zConnect to PULP e-book (Then click on Download...) |
| 942 |
_2lcc _cBOOK |
||